00255 a2200121 4500250001700000245005500017100001400072260000900086300001100095035000900106035000900115035000900124 a2ème éd. aIntroduction à l'étude des glandes endocrines  aGirod, C. c1980 a408 p. a2816 a2817 a3258